000 00589nam a2200229Ia 4500
003 OSt
005 20220912151830.0
006 a|||||r|||| 00| 0
007 ta
008 220909b |||||||| |||| 00| 0 eng d
024 _a23739
037 _cTextual
040 _aCSL
_beng
_cCSL
041 _aeng
082 _aB43N63, K5
100 _aWaelbroeck Lucien
245 0 _aTheorie des algebres de banach et des algebres localement convexes
260 _c1965
300 _a152p.
_ccm.
942 _hB43N63, K5
_cTEXL
_2CC
999 _c75766
_d75766